000 01567cab a22002295a 4500
001 L138587
008 070625e20070613xxk f s 000 0 eng d
035 _a(Sirsi) u138587
041 0 _aeng
050 0 4 _a711.4 $2 18
100 1 _aMacDonald, Kelvin
245 0 0 _aOpening up the debate
_bexploring housing land supply myths
_ba report based on evidence provided by the Royal Town Planning Institute (RTPI) to the Callcutt Review of House Building Delivery
_h[electronic resource]
260 _aLondon
_bRTPI
_c2007
520 _aAddresses issues of housing affordability and supply. Reveals figures suggesting that planning permission currently exists 14 000 acres of land: enough for up to 225 000 new homes. Comprises part of the RTPI's evidence to the Callcutt Review of Housebuilding Delivery. Recommends that housebuilders should declare the amount of land they currently hold with planning permission to help form regional databanks; that the National Housing and Planning Unit should publish a breakdown of such information; that the government and Callcutt review should identify blockages in the planning system; and that governmental action should be taken to address the housebuilding crisis.
590 _aKA
650 2 4 _aCALLCUTT REVIEW OF HOUSE BUILDING DELIVERY
651 4 _aEngland and Wales
_y1543-
690 _aENVIRONMENTAL AND LAND CONSULTANCY-PLANNING AND DEVELOPMENT-PLANNING REFORM
700 1 _aKliman, Andrew
856 4 0 _uhttps://www.rtpi.org.uk/item/912/23/5/3
_zView the item free of charge at www.rtpi.org.uk...
942 _n0
999 _c107209
_d107209